000 00345nam a2200145Ia 4500
008 230312s9999||||xx |||||||||||||| ||und||
020 _a9789699739552
082 _a891.4
_bHUM-Q
100 _aہما انور
245 0 _aکامی کازی ڈائری
260 _bJamhori
_apak
_c2013
300 _a284
650 _aLiterature
942 _cBK
999 _c14958
_d14958